000 00642nam a2200241Ia 4500
003 OSt
005 20220912151338.0
006 a|||||r|||| 00| 0
007 ta
008 220909b |||||||| |||| 00| 0 eng d
024 _a25570
037 _cTextual
040 _aCSL
_beng
_cCSL
041 _aeng
082 _aB281800bsigma, M5
100 _aNijkamp Peter Ed.
245 0 _aMeasuring the unmeasurable
260 _aDordrecht
_bMartinus
_c1985
300 _aix, 713p.
_ccm.
490 _aNATO ASI series D; 22
942 _hB281800bsigma, M5
_cTEXL
_2CC
999 _c66550
_d66550